| 000 | 00440 a2200133 4500 | ||
|---|---|---|---|
| 005 | 20250604173917.0 | ||
| 020 | _a0-471-26382-6 | ||
| 082 | _aT E A LECT 657.45 O'RE | ||
| 100 | _aO'REGAN, D . | ||
| 245 | _aInternational Auditing: Practical Resource Guide | ||
| 260 |
_aNew Jersey, _bJohn Wiley & sons , _c2003. |
||
| 300 |
_axiii, 298p.: _c224cm. |
||
| 942 |
_2ddc _cBKS |
||
| 999 |
_c3164 _d3164 |
||